Poesías inéditas de Pedro de Padilla y versos de otros ingenios del S. XVI (Record no. 185178)
[ view plain ]
| 000 -LEADER | |
|---|---|
| campo de control de longitud fija | 01646nam a2200361 i 4500 |
| 001 - NÚMERO DE CONTROL | |
| campo de control | 185178 |
| 003 - IDENTIFICADOR DE NÚMERO DE CONTROL | |
| campo de control | SpMaBN |
| 005 - FECHA Y HORA DE LA ÚLTIMA TRANSACCIÓN | |
| campo de control | 20250928130049.0 |
| 008 - DATOS DE LONGITUD FIJA--INFORMACIÓN GENERAL | |
| campo de control de longitud fija | 160404s2011 mx afh |||| | spa d |
| 020 ## - NÚMERO INTERNACIONAL ESTÁNDAR DEL LIBRO | |
| Número Internacional Estándar del Libro | 978-84-614-8830-8 |
| 080 ## - NÚMERO DE LA CLASIFICACIÓN DECIMAL UNIVERSAL | |
| Número de la Clasificación Decimal Universal | 821.134.2-14"15"(082.2) |
| 245 00 - MENCIÓN DEL TÍTULO | |
| Título | Poesías inéditas de Pedro de Padilla y versos de otros ingenios del S. XVI |
| Resto del título | : Ms B90-V1-08 de la Biblioteca Bartolomé March / |
| Mención de responsabilidad, etc. | estudios de Álvaro Alonso, J. Ignacio Díez, Christopher Maurer, Juan Montero ; edición de José J. Labrador Herraiz, Ralph A. DiFranco. |
| 260 ## - PUBLICACIÓN, DISTRIBUCIÓN, ETC. | |
| Lugar de publicación, distribución, etc. | México : |
| Nombre del editor, distribuidor, etc. | Frente de Afirmación Hispanista, A.C., |
| Fecha de publicación, distribución, etc. | 2011 ( |
| Lugar de fabricación/manufactura | D.L. Madrid) |
| 300 ## - DESCRIPCIÓN FÍSICA | |
| Extensión | 785 p. : |
| Otras características físicas | il. ; |
| Dimensiones | 24 cm. |
| 500 ## - NOTA GENERAL | |
| Nota general | Recoge la transcripción del manuscrito original. |
| 500 ## - NOTA GENERAL | |
| Nota general | Índices. |
| 504 ## - NOTA DE BIBLIOGRAFÍA, ETC. | |
| Nota de bibliografía, etc. | Bibliografía: p. 709-730. |
| 650 #4 - PUNTO DE ACCESO ADICIONAL DE MATERIA--TÉRMINO DE MATERIA | |
| Término de materia o nombre geográfico como elemento de entrada | Poesías españolas- |
| Subdivisión cronológica | S.XVI-XVII |
| 9 (RLIN) | 16219 |
| 700 1# - ENTRADA AGREGADA--NOMBRE PERSONAL | |
| Nombre de persona | Padilla, Pedro de, |
| Fechas asociadas al nombre | 1544-1596 |
| 9 (RLIN) | 144864 |
| 700 1# - ENTRADA AGREGADA--NOMBRE PERSONAL | |
| Nombre de persona | Alonso Miguel, Álvaro |
| 9 (RLIN) | 159270 |
| 700 1# - ENTRADA AGREGADA--NOMBRE PERSONAL | |
| Nombre de persona | Díez Fernández, José Ignacio. |
| 9 (RLIN) | 44730 |
| 700 1# - ENTRADA AGREGADA--NOMBRE PERSONAL | |
| Nombre de persona | Maurer, Christopher, |
| Fechas asociadas al nombre | 1949- |
| 9 (RLIN) | 79238 |
| 700 1# - ENTRADA AGREGADA--NOMBRE PERSONAL | |
| Nombre de persona | Montero, Juan, |
| Fechas asociadas al nombre | 1958- |
| 9 (RLIN) | 159267 |
| 700 1# - ENTRADA AGREGADA--NOMBRE PERSONAL | |
| Nombre de persona | Labrador Herraiz, José J. |
| 9 (RLIN) | 69288 |
| 700 1# - ENTRADA AGREGADA--NOMBRE PERSONAL | |
| Nombre de persona | DiFranco, Ralph A. |
| 9 (RLIN) | 44793 |
| 710 2# - ENTRADA AGREGADA--NOMBRE DE ENTIDAD CORPORATIVA | |
| Nombre de entidad corporativa o nombre de jurisdicción como elemento de entrada | Frente de Afirmación Hispanista, A.C. |
| 9 (RLIN) | 159234 |
| 710 2# - ENTRADA AGREGADA--NOMBRE DE ENTIDAD CORPORATIVA | |
| Nombre de entidad corporativa o nombre de jurisdicción como elemento de entrada | Fundación Bartolomé March Servera. |
| 9 (RLIN) | 159271 |
| 852 ## - LOCALIZACIÓN | |
| Ubicación | ES-MaACL |
| Número de control de estantería | A-13677 |
| itemnumber | 192197 |
| Sublocalización o colección | R.151067 |
| Ubicación en estantería | Depósito 1 |
| Signatura antigua | Olim: N-6677 |
| Anotaciones manuscritas | Dedicatoria autógrafa del autor |
| Donativo/Legado | Donación: José J. Labrador Herraez |
| 903 ## - NOMBRE PERSONAL DE DONANTE | |
| 9 | 69288 |
| a | Labrador Herraiz, José J. |
| e | Donante |
| 942 ## - ELEMENTOS DE ENTRADA SECUNDARIOS (KOHA) | |
| Fuente del sistema de clasificación o colocación | Clasificación decimal universal |
| Tipo de ítem Koha | Libro impreso |
| Estatus retirado | Estado de pérdida | Fuente del sistema de clasificación o colocación | Estado de daño | No para préstamo | Colección | Biblioteca de origen | Biblioteca actual | Ubicación en estantería | Fecha de adquisición | Fuente de adquisición | Total de préstamos | Signatura topográfica completa | Código de barras | Visto por última vez | Precio de reemplazo | Tipo de ítem Koha | Nota pública |
|---|---|---|---|---|---|---|---|---|---|---|---|---|---|---|---|---|---|
| Clasificación decimal universal | Libros con dedicatorias | Biblioteca del Ateneo de Madrid | Biblioteca del Ateneo de Madrid | Depósito 1 | 04/04/2016 | Donación | A-13677 | 1195059 | 23/02/2023 | 23/02/2023 | Libro impreso | Dedicatoria autógrafa del autor |
